000 00251nam a2200097Ia 4500
001 1116951
005 20250827004056.0
008 250824s9999 xx 000 0 und d
245 0 _aİNSAN VE DAVRANIŞI
_cDOĞAN CÜCEOĞLU
260 _bREMZİ KİTABEVİ
999 _c1116951
_d1116951